00668nam a22001937a 4500999001900000005001700019010001300036020001200049035001300061037000900074082001100083100004500094245009500139246006500234260007000299270005300369300002100422942003100443 c170355d17035520191213130941.0 aA-842584 c9.00a- aA-842584 bBPPD a615.54 aمحمد بن ز کر يا ر ا ز ی  aمعر و ف بہ کتا ب ا لا بد ا ل cمحمد بن ز کر يا ر ا ز ی  aMaroof Ba Kitab Ala Badal (Urdu)bby Mohd. Bin Zakria Razi  aN.Delhic1986 ء bCentral Council For Research In unani Medicean a5,Panchsheel Shoping Centre bN.Delhik-e110017 a95 صc22 cm(hb) 2ddccURh615.54mا ب و